Kariera klubowa Andrei Pirlo - Statystyki

Ogólne statystyki
  • Ten quiz został rozwiązany 529 razy
  • Średni wynik to 3 z 7
Statystyki odpowiedzi
Lata gry Klub % Poprawnych
2011 - 2015 Juventus
98%
2001 - 2011 Milan
90%
1998 - 2001 Inter Mediolan
75%
2015 - 2017 New York City
39%
1995 - 1998 Brescia
19%
2001 Brescia
19%
1999 - 2000 Reggina
6%
Nie znaleziono quizów pasujących do podanych kryteriów
Rozkład punktacji
Procent ludzi z każdym wynikiem
Percentyl według liczby udzielonych odpowiedzi
Twoja historia wyników
Nie rozwiązałeś tego quizu